Score 0/50 Timer 15:00
0 Plays Today
% Correct
Deadshot
85.8%
Calendar Man
84.2%
Clayface
83.5%
Icicle
80.8%
Blackfire
80.4%
Terra
78.5%
T.O. Morrow
78.1%
Sportsmaster
77.5%
Doctor Polaris
76.5%
Calculator
73.3%
Felix Faust
72.1%
Ravager
70.4%
Doctor Light
69.2%
Mister Mind
67.7%
Giganta
65.8%
Gizmo
65.8%
Black Mask
65.4%
Psycho-Pirate
64.8%
Gentleman Ghost
64%
Doctor Alchemy
62.9%
Bug-Eyed Bandit
62.7%
Titano
62.1%
Hector Hammond
61.7%
Chronos
60.8%
Rag Doll
60.6%
% Correct
Eclipso
58.3%
Plastique
55.2%
Doctor Phosphorus
51.5%
Shadow-Thief
51%
Hook
50%
Major Victory
49.8%
Atomic Skull
49.6%
Quisp
48.8%
Composite Superman
48.3%
Appa Ali Apsa
47.7%
Shaggy Man
46.3%
Crowbar
44.6%
Tharok
44.4%
Plasmus
43.1%
Fiddler
42.7%
Doctor Cyber
42.1%
Time Trapper
39.8%
Brain Wave
39.4%
Libra
39%
Mist
35.6%
Matter Master
35.4%
Cyclotron
35.2%
Sonar
34.4%
Grimbor
32.9%
Universo
26.3%

You're not logged in!

Compare scores with friends on all Sporcle quizzes.
OR
Log In

Sporcle TV

Today on Sporcle TV


Watch our educational content, quiz creation guides, and fun videos on Sporcle TV.

Show Comments

Extras

Created Dec 14, 2012ReportNominate
Tags:DC Comics Quiz

Top Quizzes Today


Score Distribution

Paid Content

Your Account Isn't Verified!

In order to create a playlist on Sporcle, you need to verify the email address you used during registration. Go to your Sporcle Settings to finish the process.

Report this User

Report this user for behavior that violates our Community Guidelines.

Details: